| 000 | 00590nai a2200181Ia 4500 | ||
|---|---|---|---|
| 003 | IN-BaIIA | ||
| 008 | 211028c9999 xx s 000 0 eng d | ||
| 022 | _a0736-0266 (Print) | ||
| 022 | _a1554-527X (Online) | ||
| 040 | _cIIA Library | ||
| 245 | 0 |
_aJournal Of Orthopaedic Research _h[eJournal] |
|
| 260 |
_aNew Jersey _bJohn Wiley & Sons |
||
| 310 | _aMonthly | ||
| 362 | _a19(1); 2001 - Present | ||
| 521 | _bSubscribed through National Knowledge Resource Consortium (NKRC) | ||
| 856 |
_uhttps://onlinelibrary.wiley.com/journal/1554527x _yClick Here to Access eJournal |
||
| 942 | _cEJ | ||
| 999 |
_c35170 _d35170 |
||